[Event "SVK-chT1W 2122"]
[Site "Slovakia"]
[Date "2022.05.14"]
[Round "10.4"]
[White "Slacky, Stanislav"]
[Black "Beres, Lukas"]
[Result "1/2-1/2"]
[WhiteElo "2101"]
[BlackElo "2066"]
[PlyCount "94"]
[EventDate "2021.11.06"]
[EventType "team-tourn"]
[EventRounds "11"]
[EventCountry "SVK"]
[SourceTitle "EXT 2023"]
[Source "ChessBase"]
[SourceDate "2022.10.05"]
[SourceVersion "1"]
[SourceVersionDate "2022.10.05"]
[SourceQuality "1"]
[WhiteTeam "Bratislava Lokomotiva"]
[BlackTeam "Nitra NSK"]
[WhiteTeamCountry "SVK"]
[BlackTeamCountry "SVK"]

1. d4 c6 2. c4 Nf6 3. Nf3 d6 4. g3 g6 5. Bg2 Bg7 6. 0-0 0-0 7. Nc3 Nbd7 8. h3 Rb8 9. e4 c5 10. Be3 cxd4 11. Nxd4 Nc5 12. Rc1 a6 13. Kh2 Bd7 14. b4 Ne6 15. Nde2 b5 16. cxb5 axb5 17. f4 Ne8 18. Nd5 Nf6 19. Nec3 Bc6 20. f5 Bxd5 21. Nxd5 Nxd5 22. Qxd5 Nc7 23. Qc6 Ne8 24. Rf2 Nf6 25. Rfc2 Nd7 26. Bf1 Ne5 27. Qd5 Re8 28. Ba7 e6 29. fxe6 fxe6 30. Qb3 Rb7 31. Rc8 Qe7 32. Bd4 Ng4+ 33. hxg4 Bxd4 34. g5 Kg7 35. Bh3 Qxg5 36. R1c7+ Re7 37. Rxb7 Rxb7 38. Qxe6 Qd2+ 39. Bg2 Qh6+ 40. Bh3 Qd2+ 41. Bg2 Rf7 42. Rd8 Qh6+ 43. Qh3 Qc1 44. Qg4 Be5 45. Rd7 Qh6+ 46. Bh3 Qd2+ 47. Bg2 Qh6+ 1/2-1/2

[Event "SVK-chT2A 2122"]
[Site "Slovakia"]
[Date "2022.03.26"]
[Round "8.3"]
[White "Slacky, Stanislav"]
[Black "Abel, Peter"]
[Result "0-1"]
[WhiteElo "2101"]
[BlackElo "2231"]
[PlyCount "80"]
[EventDate "2021.10.16"]
[EventType "team-tourn"]
[EventRounds "11"]
[EventCountry "SVK"]
[SourceTitle "EXT 2023"]
[Source "ChessBase"]
[SourceDate "2022.10.05"]
[SourceVersion "1"]
[SourceVersionDate "2022.10.05"]
[SourceQuality "1"]
[WhiteTeam "Senec"]
[BlackTeam "Piestany Kupele"]
[WhiteTeamCountry "SVK"]
[BlackTeamCountry "SVK"]

1. d4 Nf6 2. Nf3 d5 3. g3 e6 4. Bg2 c5 5. c3 Nc6 6. 0-0 Bd6 7. Bf4 Bxf4 8. gxf4 Qb6 9. b3 0-0 10. e3 Bd7 11. Ne5 Rfd8 12. Nd2 Ne7 13. Nxd7 Rxd7 14. Qe2 cxd4 15. cxd4 Rc8 16. Rfc1 Rdc7 17. Qd1 Qa5 18. Rxc7 Qxc7 19. Bf3 Qc3 20. Nf1 Nf5 21. Ng3 Nh4 22. Be2 g6 23. h3 Kg7 24. Bd3 Nf3+ 25. Kg2 Nd2 26. Bf1 Nfe4 27. Ne2 Qb2 28. f3 Nd6 29. Rc1 Nf5 30. Kf2 Rxc1 31. Qxc1 Qxc1 32. Nxc1 Nxf1 33. Kxf1 Nxe3+ 34. Ke2 Ng2 35. Nd3 Kf6 36. a4 Ke7 37. b4 Kd6 38. b5 f6 39. a5 Nh4 40. b6 axb6 0-1

[Event "SVK-chT1W 1920"]
[Site "Slovakia"]
[Date "2020.06.21"]
[Round "11.4"]
[White "Slacky, Stanislav"]
[Black "Molnar, Erno"]
[Result "1/2-1/2"]
[WhiteElo "2151"]
[BlackElo "2211"]
[PlyCount "80"]
[EventDate "2019.10.12"]
[EventType "team-tourn"]
[EventRounds "11"]
[EventCountry "SVK"]
[SourceTitle "EXT 2022"]
[Source "ChessBase"]
[SourceDate "2021.10.06"]
[SourceVersion "1"]
[SourceVersionDate "2021.10.06"]
[SourceQuality "1"]
[WhiteTeam "Bratislava Lokomotiva"]
[BlackTeam "Komarno"]
[WhiteTeamCountry "SVK"]
[BlackTeamCountry "SVK"]

1. d4 Nf6 2. Nf3 g6 3. g3 Bg7 4. Bg2 d5 5. 0-0 0-0 6. Ne5 Ng4 7. Bf4 c6 8. Nxg4 Bxg4 9. c3 Nd7 10. Qd2 e5 11. dxe5 Nxe5 12. Na3 Re8 13. Rfe1 Qc7 14. Bxe5 Qxe5 15. Nc2 Rad8 16. e3 Qh5 17. Nd4 Rd6 18. Qc2 a6 19. Rac1 c5 20. f3 Bd7 21. Nb3 b6 22. Qf2 a5 23. Nd2 a4 24. a3 b5 25. f4 Bc6 26. Nf3 Qf5 27. Qc2 Qd7 28. Rcd1 Qe7 29. Qf2 Re6 30. Ng5 Rd6 31. e4 dxe4 32. Rxd6 Qxd6 33. Nxe4 Bxe4 34. Rxe4 Rd8 35. Bf3 Qd2 36. Qxd2 Rxd2 37. Re2 Rd8 38. Bc6 Rb8 39. Re8+ Rxe8 40. Bxe8 b4 1/2-1/2

[Event "SVK-chT1W 1920"]
[Site "Slovakia"]
[Date "2019.11.09"]
[Round "3.3"]
[White "Borhy, Marcell Boldizsar"]
[Black "Slacky, Stanislav"]
[Result "0-1"]
[WhiteElo "2228"]
[BlackElo "2106"]
[PlyCount "70"]
[EventDate "2019.10.12"]
[EventType "team-tourn"]
[EventRounds "11"]
[EventCountry "SVK"]
[SourceTitle "CBM 193 Extra"]
[Source "ChessBase"]
[SourceDate "2020.01.31"]
[SourceVersion "1"]
[SourceVersionDate "2020.01.31"]
[SourceQuality "1"]
[WhiteTeam "Gabcikovo MSK"]
[BlackTeam "Bratislava Lokomotiva"]
[WhiteTeamCountry "SVK"]
[BlackTeamCountry "SVK"]

1. d4 Nc6 2. Nf3 d6 3. e4 g6 4. d5 Nb8 5. Be3 Nf6 6. Nc3 Bg7 7. h3 0-0 8. Qd2 Nbd7 9. 0-0-0 Nc5 10. e5 Nfe4 11. Nxe4 Nxe4 12. Qb4 f5 13. Bd3 dxe5 14. Bxe4 fxe4 15. Ng5 Qd6 16. Bc5 Qa6 17. Kb1 b6 18. Be3 Bf6 19. Nxe4 Bd7 20. Nc3 c5 21. dxc6 Bxc6 22. Qg4 Qc8 23. Qg3 Qb7 24. Rhg1 Rfd8 25. Rc1 Rac8 26. h4 Be8 27. Bg5 Bf7 28. Rge1 Rd4 29. b3 Bg7 30. Ne2 Rd7 31. Qh3 Qc6 32. g4 a5 33. Ng3 h6 34. Be3 e4 35. c4 Qf6 0-1

[Event "Prague Summer op-A 5th"]
[Site "Prague"]
[Date "2018.08.05"]
[Round "4"]
[White "Hess, Max"]
[Black "Slacky, Stanislav"]
[Result "1-0"]
[WhiteElo "2331"]
[BlackElo "2138"]
[PlyCount "37"]
[EventDate "2018.08.03"]
[EventType "swiss"]
[EventRounds "9"]
[EventCountry "CZE"]
[SourceTitle "CBM 185 Extra"]
[Source "ChessBase"]
[SourceDate "2018.07.29"]
[SourceVersion "1"]
[SourceVersionDate "2018.07.29"]
[SourceQuality "1"]

1. d4 Nc6 2. Nf3 d6 3. e4 e5 4. dxe5 Nxe5 5. Nxe5 dxe5 6. Qxd8+ Kxd8 7. Bc4 f6 8. Be3 Bd6 9. Nc3 c6 10. 0-0-0 Kc7 11. Rd3 Ne7 12. Rhd1 Rd8 13. Bc5 Bxc5 14. Rxd8 Bd4 15. Re8 Kd7 16. Rh8 b5 17. Bb3 Bb7 18. Rxh7 g6 19. Ne2 1-0

[Event "SVK-chT1W 1718"]
[Site "Slovakia"]
[Date "2018.03.10"]
[Round "10.1"]
[White "Kourousis, Epaminondas"]
[Black "Slacky, Stanislav"]
[Result "1/2-1/2"]
[WhiteElo "2403"]
[BlackElo "2137"]
[PlyCount "98"]
[EventDate "2017.10.21"]
[EventType "team-tourn"]
[EventRounds "11"]
[EventCountry "SVK"]
[SourceTitle "EXT 2019"]
[Source "ChessBase"]
[SourceDate "2018.10.10"]
[SourceVersion "1"]
[SourceVersionDate "2018.10.10"]
[SourceQuality "1"]
[WhiteTeam "Komarno KSC"]
[BlackTeam "Bratislava Lokomotiva"]
[WhiteTeamCountry "SVK"]
[BlackTeamCountry "SVK"]

1. Nf3 g6 2. c4 Bg7 3. Nc3 c5 4. g3 Nf6 5. Bg2 0-0 6. d4 cxd4 7. Qxd4 Nc6 8. Qh4 Qa5 9. 0-0 Qh5 10. Qxh5 Nxh5 11. Bd2 d6 12. b3 Nf6 13. Rac1 Bd7 14. Ne1 Rac8 15. Nd3 Bf5 16. e4 Bd7 17. h3 Rfe8 18. Rfd1 h6 19. Be3 b6 20. Nf4 Nh7 21. Kh2 Nf8 22. Nfd5 Kh8 23. Nb5 Ne6 24. f4 Nc5 25. Bf2 Be6 26. Nbc7 Red8 27. Nxe6 fxe6 28. Ne3 Nb4 29. Rd2 a5 30. Rcd1 Bc3 31. Re2 Nbd3 32. Bg1 a4 33. Rc2 Ba5 34. bxa4 Ne1 35. Re2 Nxg2 36. Kxg2 Nxe4 37. Rb2 Nc3 38. Rf1 Nxa4 39. Rc2 Bb4 40. g4 Bc5 41. Re2 Nc3 42. Rc2 Bxe3 43. Rxc3 Bxg1 44. Kxg1 Rf8 45. Re3 Rxc4 46. Rxe6 Rf7 47. f5 gxf5 48. Rxf5 Rc1+ 49. Kf2 Rc2+ 1/2-1/2

[Event "SVK-chT1W 1718"]
[Site "Slovakia"]
[Date "2018.02.18"]
[Round "9.4"]
[White "Slobodnik, Michal"]
[Black "Slacky, Stanislav"]
[Result "1/2-1/2"]
[WhiteElo "2096"]
[BlackElo "2144"]
[PlyCount "30"]
[EventDate "2017.10.21"]
[EventType "team-tourn"]
[EventRounds "11"]
[EventCountry "SVK"]
[SourceTitle "EXT 2019"]
[Source "ChessBase"]
[SourceDate "2018.10.10"]
[SourceVersion "1"]
[SourceVersionDate "2018.10.10"]
[SourceQuality "1"]
[WhiteTeam "Trnava Sered"]
[BlackTeam "Bratislava Lokomotiva"]
[WhiteTeamCountry "SVK"]
[BlackTeamCountry "SVK"]

1. d4 Nc6 2. Bf4 d6 3. e3 e5 4. Bg3 Be7 5. Nc3 exd4 6. exd4 Nh6 7. d5 Ne5 8. Be2 0-0 9. Nf3 Ng6 10. Nd4 Bf6 11. 0-0 Re8 12. Re1 a6 13. Qd2 Nf5 14. Nxf5 Bxf5 15. Bd3 Qd7 1/2-1/2

[Event "SVK-chT2A 1718"]
[Site "Slovakia"]
[Date "2017.10.29"]
[Round "2.5"]
[White "Slacky, Stanislav"]
[Black "Nestorenko, Dmitry"]
[Result "0-1"]
[WhiteElo "2150"]
[BlackElo "2240"]
[PlyCount "104"]
[EventDate "2017.10.28"]
[EventType "team-tourn"]
[EventRounds "11"]
[EventCountry "SVK"]
[SourceTitle "EXT 2019"]
[Source "ChessBase"]
[SourceDate "2018.10.10"]
[SourceVersion "1"]
[SourceVersionDate "2018.10.10"]
[SourceQuality "1"]
[WhiteTeam "Senec"]
[BlackTeam "Bratislava Slovan V"]
[WhiteTeamCountry "SVK"]
[BlackTeamCountry "SVK"]

1. d4 f5 2. Nf3 Nf6 3. g3 e6 4. Bg2 d5 5. 0-0 Bd6 6. b3 Qe7 7. c4 c6 8. a4 b6 9. a5 Bb7 10. Qc2 Na6 11. Ba3 0-0 12. Bxd6 Qxd6 13. Nc3 Rac8 14. Rfd1 Nb4 15. Qd2 Ne4 16. Nxe4 fxe4 17. Ne5 c5 18. e3 cxd4 19. exd4 Nc6 20. Nxc6 Rxc6 21. axb6 axb6 22. Ra7 Rc7 23. Qe3 Rcf7 24. Rf1 Qb8 25. Ra2 Qc8 26. Rc1 Rc7 27. Rac2 Qd7 28. c5 bxc5 29. Rxc5 Rxc5 30. Rxc5 Ba6 31. Rc2 Bd3 32. Rc3 e5 33. f4 exf4 34. gxf4 h6 35. Bh3 Qd6 36. Rc8 Rxc8 37. Bxc8 Qc6 38. Bg4 Qd6 39. Qg3 Qb6 40. Qe3 Qxb3 41. Kf2 Qb6 42. Bh3 Qf6 43. Kg3 Bc4 44. Kf2 Kf7 45. Bg4 Qb6 46. Kg3 Qb2 47. Bh3 Ke7 48. Kh4 Qxh2 49. Qa3+ Kf7 50. Qa7+ Kg6 51. Qb6+ Kh7 52. Qc7 Bf1 0-1

[Event "Wroclaw op"]
[Site "Wroclaw"]
[Date "2017.08.13"]
[Round "6"]
[White "Pawicka, Magdalena"]
[Black "Slacky, Stanislav"]
[Result "1/2-1/2"]
[WhiteElo "1790"]
[BlackElo "2210"]
[PlyCount "95"]
[EventDate "2017.08.10"]
[EventType "swiss"]
[EventRounds "9"]
[EventCountry "POL"]
[SourceTitle "CBM 180 Extra"]
[Source "ChessBase"]
[SourceDate "2017.10.06"]
[SourceVersion "1"]
[SourceVersionDate "2017.10.06"]
[SourceQuality "1"]

1. e4 Nf6 2. e5 Nd5 3. c4 Nb6 4. d4 d6 5. exd6 exd6 6. Nc3 Nc6 7. Be3 Bf5 8. Nf3 Be7 9. h3 0-0 10. d5 Ne5 11. Nxe5 dxe5 12. c5 Nc8 13. Bd3 Bxd3 14. Qxd3 f5 15. d6 cxd6 16. Qd5+ Kh8 17. Qxb7 d5 18. Qxa8 d4 19. Bd2 dxc3 20. Bxc3 Bxc5 21. 0-0 f4 22. Qf3 Qg5 23. Rae1 Re8 24. Qg4 Qxg4 25. hxg4 e4 26. Bd2 g5 27. Re2 Nd6 28. Rfe1 e3 29. fxe3 Nc4 30. Bc3+ Kg8 31. Bd4 Bxd4 32. exd4 Ne3 33. Rxe3 fxe3 34. d5 Rd8 35. Rxe3 Rxd5 36. Re7 Ra5 37. a3 Rb5 38. b4 a5 39. Re4 Kf7 40. Kf2 axb4 41. axb4 Rb8 42. Ke3 Ra8 43. Rd4 Ke6 44. Re4+ Kd5 45. Rd4+ Ke5 46. Re4+ Kd5 47. Rd4+ Ke5 48. Re4+ 1/2-1/2

[Event "SVK-chT2A 1617"]
[Site "Slovakia"]
[Date "2017.03.12"]
[Round "11.4"]
[White "Slacky, Stanislav"]
[Black "Sefcik, Marek"]
[Result "1/2-1/2"]
[WhiteElo "2193"]
[BlackElo "2011"]
[PlyCount "37"]
[EventDate "2016.10.08"]
[EventType "team-tourn"]
[EventRounds "11"]
[EventCountry "SVK"]
[SourceTitle "EXT 2018"]
[Source "ChessBase"]
[SourceDate "2017.10.13"]
[SourceVersion "1"]
[SourceVersionDate "2017.10.13"]
[SourceQuality "1"]
[WhiteTeam "Senec"]
[BlackTeam "Osuske II"]
[WhiteTeamCountry "SVK"]
[BlackTeamCountry "SVK"]

1. d4 e6 2. c4 f5 3. Nf3 Nf6 4. g3 d5 5. Bg2 c6 6. 0-0 Bd6 7. b3 Qe7 8. Bg5 Nbd7 9. Qc2 h6 10. Bd2 Ne4 11. Nc3 Nxd2 12. Nxd2 0-0 13. e3 Nf6 14. f3 e5 15. cxd5 exd4 16. exd4 Nxd5 17. Nxd5 cxd5 18. Rfe1 Qf6 19. f4 1/2-1/2

[Event "SVK-chT1W 1617"]
[Site "Slovakia"]
[Date "2017.02.26"]
[Round "9.4"]
[White "Slobodnik, Michal"]
[Black "Slacky, Stanislav"]
[Result "1/2-1/2"]
[WhiteElo "2097"]
[BlackElo "2197"]
[PlyCount "70"]
[EventDate "2016.10.15"]
[EventType "team-tourn"]
[EventRounds "11"]
[EventCountry "SVK"]
[SourceTitle "EXT 2018"]
[Source "ChessBase"]
[SourceDate "2017.10.13"]
[SourceVersion "1"]
[SourceVersionDate "2017.10.13"]
[SourceQuality "1"]
[WhiteTeam "Nitra ASK"]
[BlackTeam "Bratislava Lokomotiva"]
[WhiteTeamCountry "SVK"]
[BlackTeamCountry "SVK"]

1. e4 Nf6 2. Nc3 d5 3. e5 Nfd7 4. e6 fxe6 5. d4 g6 6. h4 Bg7 7. h5 e5 8. hxg6 hxg6 9. Rxh8+ Bxh8 10. dxe5 Nxe5 11. Qxd5 Nf7 12. Bc4 Bxc3+ 13. bxc3 Qxd5 14. Bxd5 c6 15. Bb3 Na6 16. Ba3 b6 17. Nf3 c5 18. 0-0-0 Nc7 19. Re1 e6 20. Ne5 Nxe5 21. Rxe5 Kf7 22. c4 Bb7 23. f3 Ba6 24. Bb2 Ne8 25. Re4 Nd6 26. Rh4 g5 27. Rg4 Rg8 28. Be5 Nf5 29. f4 Ne3 30. Rxg5 Rxg5 31. fxg5 Bxc4 32. Bb8 Bxb3 33. axb3 c4 34. Bxa7 cxb3 35. Bxb6 Nxc2 1/2-1/2

[Event "SVK-chT2A 1617"]
[Site "Slovakia"]
[Date "2017.02.11"]
[Round "8.3"]
[White "Koutny, Petr"]
[Black "Slacky, Stanislav"]
[Result "0-1"]
[WhiteElo "2160"]
[BlackElo "2193"]
[PlyCount "92"]
[EventDate "2016.10.08"]
[EventType "team-tourn"]
[EventRounds "11"]
[EventCountry "SVK"]
[SourceTitle "EXT 2018"]
[Source "ChessBase"]
[SourceDate "2017.10.13"]
[SourceVersion "1"]
[SourceVersionDate "2017.10.13"]
[SourceQuality "1"]
[WhiteTeam "Skalica"]
[BlackTeam "Senec"]
[WhiteTeamCountry "SVK"]
[BlackTeamCountry "SVK"]

1. e4 Nf6 2. Nc3 d5 3. e5 Nfd7 4. d4 e6 5. f4 c5 6. Nf3 Nc6 7. Be3 Be7 8. Qd2 0-0 9. 0-0-0 cxd4 10. Nxd4 Nxd4 11. Bxd4 Nb8 12. Bd3 b6 13. Qf2 Nc6 14. Ne2 f6 15. Qh4 f5 16. Qh3 Nb4 17. Kb1 Nxd3 18. Qxd3 Bd7 19. Rhg1 Qe8 20. Nc3 Bb4 21. h3 Bxc3 22. Qxc3 Bb5 23. Qe3 Rc8 24. g4 Rc7 25. Rd2 Qc8 26. Bc3 Rc4 27. Bd4 Be8 28. c3 Bg6 29. Ka1 Rc7 30. Rdg2 Qa6 31. Qg3 Qc4 32. Qh4 b5 33. b3 Qc6 34. b4 Qc4 35. gxf5 Bxf5 36. Qh6 Bg6 37. Rxg6 hxg6 38. Qxg6 Qc6 39. Bc5 Rxf4 40. Rg3 Rcf7 41. Qg5 d4 42. Bxd4 Rf1+ 43. Kb2 Qe4 44. Bc5 Rd7 45. Bd4 Rb1+ 46. Ka3 Qb7 0-1